Физико-химические исследования по технологии стекла и ситаллов: сборник научых трудов

Chi tiết về thư mục
Tác giả của công ty: Государственный научно-исследовательский институт стекла
Ngôn ngữ:Tiếng Nga
Được phát hành: Москва, ГИС, 1984
Những chủ đề:
Định dạng: Sách
KOHA link:https://koha.lib.tpu.ru/cgi-bin/koha/opac-detail.pl?biblionumber=82829

MARC

LEADER 00000nam0a2200000 4500
001 82829
005 20231101213244.0
020 |a RU  |b 85-26422 
035 |a (RuTPU)RU\TPU\book\89009 
090 |a 82829 
100 |a 20051006d1984 m a0rusy5003 ca 
101 0 |a rus 
102 |a RU 
105 |a a z 001zy 
200 1 |a Физико-химические исследования по технологии стекла и ситаллов  |e сборник научых трудов  |f Государственный научно-исследовательский институт стекла 
210 |a Москва  |c ГИС  |d 1984 
215 |a 110 с.  |c ил.  |d 26 см 
610 1 |a стекольное производство 
610 1 |a ситаллы 
610 1 |a производство 
610 1 |a физико-химические основы 
610 1 |a сборники 
675 |a 666  |z rus 
712 0 2 |a Государственный научно-исследовательский институт стекла  |2 stltpush  |3 (RuTPU)RU\TPU\col\7841  |9 24392 
801 0 |a RU  |b RuMRKP  |c 19950704  |g psbo 
801 1 |a RU  |b 63413507  |c 20051006  |g PSBO 
801 2 |a RU  |b 63413507  |c 20051208  |g PSBO 
942 |c BK